<An> introduction to statistical modeling of extreme values

Guardado en:
Detalles Bibliográficos
Autor principal: Coles, Stuart
Formato: Libro
Lenguaje:inglés
Publicado: London Springer 2001
Colección:Springer series in statistics
Materias:
Etiquetas: Agregar Etiqueta
Sin Etiquetas, Sea el primero en etiquetar este registro!

MARC

LEADER 00000nam$a2200000$$$4500
001 0064700
005 20240312115758.0
020 |a 1-85233-459-2 
041 0 |a eng 
044 |a GB 
245 1 0 |a <An> introduction to statistical modeling of extreme values  |c Stuart Coles 
264 1 |a London  |b Springer  |c 2001 
300 |a xiv, 208 s. 
490 1 |a Springer series in statistics 
830 0 |a Springer series in statistics 
610 2 0 |a štatistika matematická 
610 2 0 |a modelovanie matematické 
610 2 0 |a modely matematicko-štatistické 
100 1 |a Coles, Stuart